Normal view
MARC view
- موسوعة تجارية ومصرفية -- عقود تجارة دولية
Entry Topical Term
001 - CONTROL NUMBER
- control field: 46041
003 - CONTROL NUMBER IDENTIFIER
- control field: JO-AjAnu
005 - DATE AND TIME OF LATEST TRANSACTION
- control field: 20230606081618.0
008 - FIXED-LENGTH DATA ELEMENTS
- fixed length control field: 230606|| aca||aabn | a|a d
040 ## - CATALOGING SOURCE
- Original cataloging agency: JO-AjAnu
- Transcribing agency: JO-AjAnu
150 ## - HEADING--TOPICAL TERM
- Topical term or geographic name entry element: موسوعة تجارية ومصرفية -- عقود تجارة دولية
670 ## - SOURCE DATA FOUND
- Source citation: Work cat.: (JO-AjAnu)23569: الكيلاني، محمود , author 46040, الموسوعة التجارية والمصرفية : عقود التجارة الدولية في مجال نقل التكنولوجيا، المجلد الأول